| 000 | 00738pam a2200229 a 4500 | ||
|---|---|---|---|
| 001 | 3384655 | ||
| 005 | 20180205071939.0 | ||
| 008 | 881102s1989 enka b 001 0 eng | ||
| 010 | _a 88037636 | ||
| 020 |
_a0631162984 : _c$59.00 (U.S.) |
||
| 040 |
_aDLC _cDLC _dDLC |
||
| 041 | _aeng | ||
| 080 | _a330.153 | ||
| 082 | 0 | 0 |
_a330.153 REI _219 |
| 100 | 1 | _a52 | |
| 101 | _aEKO | ||
| 245 | 1 | 0 |
_aClassical economic growth : _cGavin Clydesdale Reid. |
| 504 | _aIncludes bibliographical references (p. [191]-202) and index. | ||
| 906 |
_a7 _bcbc _corignew _d1 _eocip _f19 _gy-gencatlg |
||
| 942 |
_2ddc _cBK |
||
| 999 |
_c41759 _d41759 |
||